Autour de The Voice France - Statistiques

Statistiques générales
  • Ce quiz a été pris 45 fois
  • Le résultat moyen est 46 sur 124
Statistiques - réponses
Hint Réponse % Correct
Généralités L'émission est créée en... 2012
92%
Généralités Sa diffusion commence au mois de/d' février
84%
Généralités pour s'achever en d'/de mai
79%
Présentateurs/Présentatrices Nikos Aliagas
76%
Généralités Chaine de diffusion TF1
76%
Présentateurs/Présentatrices Karine Ferri
74%
Généralités Nombre de garçons ayant gagné 8
71%
Coachs 4 saisons Amel {Bent}
68%
Coachs 10 saisons Florent {Pagny}
68%
Coachs 1 saison Lara {Fabian}
68%
Coachs 3 saisons Marc {Lavoine}
68%
Coachs 1 saison Matt {Pokora}
68%
Généralités Nombre de filles ayant gagné 5
66%
Coachs 1 saison Nolwenn {Leroy}
66%
Coachs 2 saisons Pascal {Obispo}
66%
Généralités Le prime est diffusé le samedi
66%
Coachs 2 saisons {Bigflo} & {Oli}
63%
Coachs 1 saison Camille {Lellouche}
63%
Coachs 1 saison Julien {Clerc}
63%
Coachs 2 saisons Louis {Bertignac}
63%
Chanson de présentation du vainqueur Saison 7 Guillaume Grand - Toi et {moi}
61%
Coachs 6 saisons {Jenifer}
61%
Coachs 8 saisons {Mika}
61%
Coachs 1 saison Patrick {Fiori}
61%
Coachs 7 saisons {Zazie}
61%
Chanson de présentation du vainqueur Saison 11 Daniel Balavoine - Tous les {cris} les S.O.S.
58%
Chanson de présentation du vainqueur Saison 10 Louanne - Donne-moi ton {coeur}
58%
Nombre de fauteuils retournés pour le vainqueur lors des auditions à l'aveugle Saison 3 / Kendji 1
55%
Nombre de fauteuils retournés pour le vainqueur lors des auditions à l'aveugle Saison 7 / Maëlle 3
55%
Nombre de fauteuils retournés pour le vainqueur lors des auditions à l'aveugle Saison 5 / Slimane 4
55%
Chanson de présentation du vainqueur Saison 1 Adele - Rolling in the {deep}
55%
Dernière chanson du vainqueur Saison 3 Barbara - L'{aigle} noir
55%
Classement des coachs 5 Victoires Florent Pagny
55%
Coachs 4 saisons {Garou}
55%
Présentateurs/Présentatrices Alessandra Sublet
55%
Classement des coachs 3 Victoires Zazie
55%
Nombre de fauteuils retournés pour le vainqueur lors des auditions à l'aveugle Saison 1 / Stephan 1
53%
Nombre de fauteuils retournés pour le vainqueur lors des auditions à l'aveugle Saison 8 / Whitney 2
53%
Nombre de fauteuils retournés pour le vainqueur lors des auditions à l'aveugle Saison 10 / Marghe 2
53%
Nombre de fauteuils retournés pour le vainqueur lors des auditions à l'aveugle Saison 4 / Lilian 4
53%
Nombre de fauteuils retournés pour le vainqueur lors des auditions à l'aveugle Saison 6 / Lisandro 4
53%
Nombre de fauteuils retournés pour le vainqueur lors des auditions à l'aveugle Saison 9 / Abi 4
53%
Nombre de fauteuils retournés pour le vainqueur lors des auditions à l'aveugle Saison 11 / Nour 4
53%
Nombre de fauteuils retournés pour le vainqueur lors des auditions à l'aveugle Saison 12 / Aurélien 4
53%
Dernière chanson du vainqueur Saison 5 Florent Pagny - Les {murs} porteurs
53%
Chanson de présentation du vainqueur Saison 3 Gims - {Bella}
53%
Dernière chanson du vainqueur Saison 4 Jean-Jacques Goldman - Là-{bas}
53%
Classement des coachs 2 Victoires Mika
53%
Coachs 4 saisons {Vianney}
53%
Chanson de présentation du vainqueur Saison 5 Vitaa - A {fleur} de toi
53%
Nombre de fauteuils retournés pour le vainqueur lors des auditions à l'aveugle Saison 2 / Yoann 4
50%
Etapes Toutes saisons Auditions à l'aveugle
50%
Classement des coachs 1 Victoire Garou
50%
Dernière chanson du vainqueur Saison 7 Michel Berger - Seras-tu {là} ?
50%
Chanson de présentation du vainqueur Saison 12 Vladimir Vavilov - Ave {Maria}
50%
2e de chaque saison Saison 4 {Anne} Sila
47%
Etapes Saison 1 2 3 4 5 6 8 9 10 11 12 Les Battles
47%
Vainqueurs Saison 3 Kendji Girac
45%
2e de chaque saison Saison All Stars {Louis} Delort
45%
Classement des coachs 1 Victoire Matt Pokora
45%
Vainqueurs Saison All Stars Anne Sila
42%
Chanson de présentation du vainqueur Saison 6 Justin Timberlake - Can't stop the {feeling}
42%
Coachs 1 saison {Soprano}
42%
Dernière chanson du vainqueur Saison 6 Justin Timberlake - {Cry} me a river
37%
Classement des coachs 1 Victoire Pascal Obispo
37%
Dernière chanson du vainqueur Saison 1 Josh Groban - You {raise} me up
34%
Vainqueurs Saison 1 Stéphan Rizon
34%
Chanson de présentation du vainqueur Saison 4 Bruce Springsteen - Dancing in the {dark}
32%
Vainqueurs Saison 2 Yoann Fréget
32%
Dernière chanson du vainqueur Saison 8 Birdy - {Skinny} love
29%
Dernière chanson du vainqueur Saison 11 Céline Dion - {Vole}
29%
Vainqueurs Saison 4 Lilian Renaud
29%
Etapes Toutes saisons Demi-finale
26%
Etapes Toutes saisons Finale
26%
3e de chaque saison Saison 6 {Vincent} Vinel
26%
2e de chaque saison Saison 1 {Al} Hy
24%
Dernière chanson du vainqueur Saison 2 Gospel - {Amazing} grace
24%
Vainqueurs Saison 6 Lisandro Cuxi
24%
3e de chaque saison Saison 3 {Amir} Haddad
21%
Vainqueurs Saison 5 Slimane Nebchi
21%
Vainqueurs Saison 12 Aurélien Vivos
18%
Dernière chanson du vainqueur Saison 12 Jacques Brel - La {Quête}
18%
Chanson de présentation du vainqueur Saison 9 Billie Eilish - {Lovely}
16%
Dernière chanson du vainqueur Saison 9 Billie Eilish - {Lovely}
16%
2e de chaque saison Saison 10 {Jim} Bauer
16%
Etapes Saisons 10 11 & 12 Les cross battles
16%
2e de chaque saison Saison 11 Mister {Matt}
16%
Généralités Elle est inspirée d'un programme... néerlandais | Hollandais
16%
Vainqueurs Saison 9 Abi Bernadoth
13%
2e de chaque saison Saison 6 {Lucie} Vagenheim
13%
Vainqueurs Saison 7 Maëlle Pistoia
13%
Vainqueurs Saison 10 Marghe Davico
13%
Chanson de présentation du vainqueur Saison 8 Marshmello - {Friends}
13%
2e de chaque saison Saison 3 {Maximilien} Philippe
13%
2e de chaque saison Saison 5 {MB14}
13%
3e de chaque saison Saison 2 {Nuno} Resende
13%
2e de chaque saison Saison 2 {Olympe}
13%
3e de chaque saison Saison 4 {David} Thibault
11%
Vainqueurs Saison 11 Nour Brousse
11%
Etapes Saisons 11 & 12 Super cross battles
11%
Chanson de présentation du vainqueur Saison 2 Whitney Houston - The {greatest} love of all
11%
Vainqueurs Saison 8 Whitney Marin
11%
3e de chaque saison Saison 12 (2 prénoms) {Arslane} | {Jérémy} Levif
8%
3e de chaque saison Saison 1 {Aude} Henneville
8%
2e de chaque saison Saison 9 {Gustine}
8%
Etapes Saisons 3 4 5 & 6 L'épreuve ultime
8%
2e de chaque saison Saison 12 {Micha}
8%
2e de chaque saison Saison 7 {Raffi} Arto
8%
3e de chaque saison Saison 5 {Antoine} Galey
5%
3e de chaque saison Saison 7 {Casanova}
5%
2e de chaque saison Saison 8 {Clément}
5%
3e de chaque saison Saison 10 (2 prénoms) {Cyprien} Zeni | {Mentissa} Aziza
5%
Etapes Saisons 8 9 & 10 K.O
5%
Etapes Toutes saisons Les Primes
5%
Etapes Toutes saisons Quarts de finale
5%
3e de chaque saison Saison 9 {Tom} Rochet
5%
3e de chaque saison Saison 11 (3 prénoms) {Vike} | {Caroline} Costa | {Loris}
5%
Etapes Saison 7 Les duels
3%
Dernière chanson du vainqueur Saison 10 Marghe Davico {Forget} everything
3%
3e de chaque saison Saison All Stars {MB14}
3%
3e de chaque saison Saison 8 {Sidoine}
3%
Etapes Saison 7 Audition finale
0%
Présentateurs/Présentatrices Virginie de Claudade
0%
Généralités Elle est produite par (3 possibilités) Endemolshine | ITV Studios France | Talpa Content BV
0%
Aucun quiz correspondant
Distribution des résultats
% des personnes avec chaque résultat
Percentile par nombre de réponses
Votre historique - résultats
Vous n’avez pas pris ce quiz